000 00232nam a2200097Ia 4500
001 1221309
005 20250827092826.0
008 250824s9999 xx 000 0 und d
245 0 _aO AN
_cM BARIŞ MUSLU
260 _bDOĞAN YAYINCILIK
999 _c1221309
_d1221309